Countries in Asia Quiz Stats

 Plays Quiz not verified by Sporcle

Score 0/49 Timer 15:00
0 Plays Today
% Correct
China
100%
Russia
98.6%
India
97.1%
Mongolia
97.1%
Japan
95.7%
North Korea
92.9%
South Korea
92.9%
Iran
92.9%
Iraq
91.4%
Pakistan
90%
Afghanistan
87.1%
Indonesia
87.1%
Vietnam
87.1%
Saudi Arabia
87.1%
Philippines
85.7%
Cambodia
84.3%
Laos
84.3%
Singapore
84.3%
Israel
84.3%
Nepal
82.9%
Bangladesh
82.9%
Yemen
82.9%
Sri Lanka
81.4%
Turkmenistan
81.4%
Taiwan
81.4%
% Correct
Oman
81.4%
Myanmar
80%
Turkey
80%
Thailand
80%
Jordan
80%
U.A.E.
80%
Malaysia
78.6%
Kazakhstan
78.6%
Syria
77.1%
Uzbekistan
75.7%
Lebanon
75.7%
Bhutan
74.3%
Georgia
72.9%
Qatar
71.4%
Kyrgyzstan
68.6%
Tajikistan
68.6%
Brunei
67.1%
Maldives
67.1%
Bahrain
67.1%
Kuwait
67.1%
Papua New Guinea
41.4%
Azerbaijan
41.4%
Papua New Guinea
24.3%
East Timor
17.1%

You're not logged in!

Compare scores with friends on all Sporcle quizzes.
OR
Log In

Show Comments

Extras

Created Nov 22, 2010ReportNominate
Tags:Asia Quiz, Country Quiz

Top Quizzes Today


Score Distribution

Your Account Isn't Verified!

In order to create a playlist on Sporcle, you need to verify the email address you used during registration. Go to your Sporcle Settings to finish the process.

Report this User

Report this user for behavior that violates our Community Guidelines.

Details: